000 01207cam a22003373a 4500
001 1036
005 20231123151633.0
020 _a078073003990
020 _a9780439408332
040 _aOWL
_cOWL
_dLEO
_dDLC
_beng
050 0 0 _aPZ7.D128
082 _a504
100 1 _aDadey, Debbie
245 1 0 _aLeprechauns don't play fetch /
_cby Debbie Dadey and Marcia Thornton Jones ; illustrated by John Steven Gurney.
250 _a First printing, February 2003
260 _aNew York :
_bScholastic,
_c2003
300 _a84 pages :
_billustrations.;
_c20 cm
490 1 _aThe adventures of the Bailey School kids
_vBook 9
500 _a"A Little Apple paperback."
505 _aQ
520 _aThere are some pretty weird grown-ups living in Bailey City, but could the owner of Clover Patch Pet Store really be a leprechaun?
521 0 _a670
_bLexile
521 1 _aQ
_bRaz-Plus
650 0 _aLeprechauns
_vJuvenile fiction.
650 0 _aLeprechauns
_vFiction.
655 7 _aChildren's stories.
_2lcsh
700 1 _aJones, Marcia Thornton.
_ecoauthro
700 1 _aGurney, John Steven,
_d1962-
_eillustrator
906 _a7
_bcbc
_ccopycat
_d2
_encip
_f20
_gy-genrareb
942 _2ddc
_cBK
_n0
999 _c1036
_d1036